000 01377nam a2200385 i 4500
001 51074
003 KOSZ 005
005 20220929103047.0
008 040506s1999 pl f f |000 0 pol
020 _a8387038199
040 _cKOSZ 005
_aKOSZ 005
_dKOSZ 005/HR
041 0 _apol
046 _k1999
080 _a657.05
080 _a658.14/.17
080 _a(075.8)
245 0 0 _aRachunkowość zarządcza :
_bpraca zbiorowa /
_cpod red. Teresy Kiziukiewicz ; [aut. rozdz. Ksenia Czubakowska et al.].
250 _aWyd. 3 zm. i rozsz., dodr.
260 _aWrocław :
_b"Ekspert",
_c1999.
300 _a265, [2] s. :
_bwykr. ;
_c24 cm.
336 _2rdacontent
_aTekst
_btxt
337 _2rdamedia
_aBez urządzenia pośredniczącego
_bn
338 _2rdacarrier
_aWolumin
_bnc
380 _aKsiążki
388 _a1901-2000
388 _a1989-2000
650 4 _aRachunkowość zarządcza
655 4 _aPodręczniki akademickie
658 _aGospodarka, ekonomia, finanse
700 1 _aCzubakowska, Ksenia
_d(1946- )
_eAutor
700 1 _aKiziukiewicz, Teresa
_d(1947- )
_eRedakcja
710 2 _a Ekspert Wydawnictwo i Doradztwo z Zakresu Rachunkowości i Finansów, Marian Pałka
_4pbl.
856 _uhttp://koha.tu.koszalin.pl/cgi-bin/koha/opac-detail.pl?biblionumber=51074
_yKatalog online BPK
942 _cKS
_2UKD
999 _c51074
_d51074